| 000 | nam a22 a 4500 | ||
|---|---|---|---|
| 999 |
_c12452 _d12452 |
||
| 003 | BLK | ||
| 005 | 20220808095758.0 | ||
| 008 | 180412b bul|||||r ||||||| ||bul|| | ||
| 010 | _aKNG00014058000 | ||
| 020 | _a9789546494528 | ||
| 040 | _aBLK | ||
| 041 |
_aBUL _cBUL |
||
| 080 |
_aНрави и обичаи в частния живот. Обреди при раждане, кръщене, пълнолетие, жертвопринасяне, сватба, семеен живот, брак, любов, дружба, гостоприемство, осиновяване и др. _b392 _z392 |
||
| 100 | 1 |
_aКлермон-Тонер, Ермин дьо _eпърви автор _979685 |
|
| 139 |
_aКлермон-Тонер, Ермин дьо _bК 63 |
||
| 245 | 1 | 0 |
_aДобрият тон задължава _bИзкуството да живеем днес _cЕрмин дьо Клермон-Тонер. |
| 260 |
_bСиела Софт енд Паблишинг _c2001 |
||
| 300 |
_a316 с. _c21 см |
||
| 380 | _a3 | ||
| 500 | _aАвт. на загл. стр. е Принцеса Ермин дьо Клермон-Тонер | ||
| 650 | 4 |
_aОбичаи _9164387 |
|
| 650 | 4 |
_aОбщуване - етикет _9257540 |
|
| 852 | _aЦб 210603 | ||
| 856 | 4 |
_qpdf _u |
|
| 856 | 4 |
_qpdf _u |
|
| 942 |
_cKNG _n0 _s1 |
||
| 944 |
_aCR _c15.01.2003 _kAB_DOS |
||
| 944 |
_aED _c15.01.2003 |
||
| 999 | _d12452 | ||